Online Catalogue and eLibrary

Katha kathunge pathiwatha pilibanda aadikshana warthawa (Record no. 2177)

MARC details
000 -LEADER
fixed length control field 00469nam a2200157Ia 4500
005 - DATE AND TIME OF LATEST TRANSACTION
control field 20250613040021.0
008 - FIXED-LENGTH DATA ELEMENTS--GENERAL INFORMATION
fixed length control field 240331s9999 xx 000 0 und d
020 ## - INTERNATIONAL STANDARD BOOK NUMBER
ISBN 9558365254
082 ## - DDC Classification
Item Number - Author Mark MAR
Class No. 306
100 ## - MAIN ENTRY--PERSONAL NAME
Personal name Marasingha, J
245 #0 - TITLE STATEMENT
Title Katha kathunge pathiwatha pilibanda aadikshana warthawa
260 ## - PUBLICATION, DISTRIBUTION, ETC.
Place of publication, distribution, etc. Nugegoda
Name of publisher, distributor, etc. Sanhindu Printing & Publication
Date of publication, distribution, etc. 2000
300 ## - PHYSICAL DESCRIPTION
Extent (e.g. Volumes, Pages etc.) 209 p .,
500 ## - GENERAL NOTE
General note Monitoring Report on the "Patiwata" of the Kannada Women
942 ## - Koha item type (Biblio)
Koha item type Books in Stacks (Lending)
Holdings
Lost status Damaged status Collection code Home library Current library Shelving location Date acquired Full call number Accession Number Item type
    Lending WERC Library WERC Library Social Science Cupboard 03/31/2024 306.74 MAR 4719 Books in Stacks (Lending)

© WERC Library